「つく」がつく駅名 - Statistics

General Stats
  • This quiz has been taken 122 times
  • The average score is 6 of 17
Answer Stats
頭文字 都府県 駅名 読み % Correct
「つ」 茨城県 つくば つくば
92%
「つ」 東京都 つくし野 つくしの
66%
「つ」 徳島県 つくだ
55%
「つ」 大分県 津久見 つくみ
48%
「つ」 大阪府 津久野 つくの
37%
「つ」 神奈川県 津久井浜 つくいはま
33%
「つ」 群馬県 津久田 つくだ
32%
「た」 大阪府 玉造 たまつくり
31%
「よ」 福島県 四ツ倉 よつくら
30%
「た」 島根県 玉造温泉 たまつくりおんせん
28%
「ま」 岩手県 松倉 まつくら
26%
「で」 富山県 電鉄黒部 でんてつくろべ
24%
「ま」 岩手県 松草 まつくさ
17%
「み」 石川県 三口 みつくち
16%
「に」 福岡県 西鉄久留米 にしてつくるめ
15%
「つ」 茨城県 筑波山頂 つくばさんちょう
14%
「は」 大阪府 箱作 はこつくり
12%
No matching quizzes found
Score Distribution
Percent of People with Each Score
Percentile by Number Answered
Your Score History
You have not taken this quiz